Famous Families #2 - U.S. Edition - Statistics

General Stats
  • This quiz has been taken 31,595 times
    14,048 since last reset
  • The average score is 15 of 24
Answer Stats
Members Family % Correct
Bill, Hillary, Chelsea Clinton
99%
Bart, Homer, Marge Simpson
98%
Kim, Kourtney, Khloe Kardashian
97%
Gomez, Morticia, Wednesday Addams
79%
Alec, Stephen, Billy Baldwin
79%
Michelle, Malia, Sasha Obama
78%
Fred, Wilma, Pebbles Flintstone
77%
Conrad, Paris, Nicky Hilton
71%
Joe, Kevin, Nick Jonas
68%
John, Robert, Ted, Rose Kennedy
62%
Ross, Monica, Jack, Judy Geller
60%
Stewie, Peter, Lois Griffin
59%
Archie, Peyton, Eli Manning
59%
Henry, Jane, Peter, Bridget Fonda
57%
Bruce, Rumer, Scout Willis
54%
Jeff, Lloyd, Beau Bridges
52%
Walter, Skyler, Walter Jr. White
51%
Lionel, John, Drew Barrymore
48%
Peter, Bobby, Jan, Marcia Brady
44%
Ashley, Wynonna, Naomi Judd
42%
Tony, Carmela, Meadow Soprano
38%
Dwayne, Keenan, Marlon Wayans
38%
Frank, Dweezil, Moon Unit Zappa
37%
LaMelo, LaVar, LiAngelo, Lonzo Ball
33%
No matching quizzes found
Score Distribution
Percent of People with Each Score
Percentile by Number Answered
Your Score History
You have not taken this quiz since the last reset